Lupang Hinirang (Philippine National Anthem) - Statistics

General Stats
  • This quiz has been taken 194 times
  • The average score is 56 of 84
Answer Stats
Literal English Translation Lyrics % Correct
of the ng
95%
in the ng
95%
the ng
95%
of your ng
95%
of the ng
95%
of ng
95%
just ng
95%
Land Lupa
93%
Country Bayang
92%
that we love, magiliw,
91%
pearl perlas
91%
in your sa
90%
To the Sa
90%
Through the Sa
90%
the sa
90%
the sa
90%
of your sa
90%
in sa
90%
heart, puso,
88%
you di
87%
get di
87%
land, hinirang,
87%
The ardor Alab
86%
arms. mo.
85%
alive. buhay.
84%
life buhay
84%
bosom dibdib
83%
Chosen Lupang
83%
is ever mo'y
80%
is indeed mo'y
80%
of ka
79%
won't ka
79%
never pa
78%
Orient. silanganan.
75%
cradle duyan
74%
brave. magiting.
73%
and the at
70%
and at
70%
and the at
70%
and the at
70%
blue, bughaw,
67%
mountains, bundok,
67%
heavens langit
67%
heaven langit
67%
conquerors, manlulupig,
67%
seas dagat
66%
that are so mong
65%
skies simoy
65%
in the ang
63%
The Ang
63%
the ang
63%
to ang
63%
that na
62%
is na
62%
there is may
60%
ever ma'y
60%
by someone, may
60%
stars araw
59%
sun, araw,
59%
freedom. minamahal.
59%
song awit
58%
tale tula
58%
threatened 'pag
57%
victory tagumpay
54%
flag watawat
53%
splendor dilag
52%
sparkle kislap
52%
shines, nagniningning,
47%
beloved paglayang
47%
sun bituin
46%
you. sa'yo.
40%
die mamatay
39%
for dahil
38%
is ay
37%
will kailan
37%
your piling
33%
dimmed. magdidilim.
32%
and affection, pagsinta,
32%
happiness ligaya
30%
If our Aming
29%
of it, niya,
28%
it's our pleasure, mang-aapi,
23%
glory luwalhati't
21%
surrender. masisiil.
8%
No matching quizzes found
Score Distribution
Percent of People with Each Score
Percentile by Number Answered
Your Score History
You have not taken this quiz